000 00741nas a2200241 4500
001 BR0801939
003 BR-BrBNA
005 20231205111828.0
007 ta
008 230509b bl.|||p| |||| 00| 00por d
040 _aBR-BrBNA
_bpor
_cBiblioteca Nacional de Agricultura
041 _a(En)
072 _aL60
100 1 _aRaw, A.
245 1 _aTwo new species of social wasps (Hymenoptera, Vespidae)from Roraima, Northern Brazil
650 _aINSETO
650 _aTAXONOMIA ANIMAL
650 _aDISTRIBUIÇÃO GEOGRÁFICA
650 _aRORAIMA
773 0 _tRevista Brasileira de Zoologia (Brazil)
_xISSN 0101-8175
_g(Dec 1999), v. 16(4) p. 987-990
_wBR0801939
909 _a202311
_bLúcia
_c55
_dLúcia Elande
942 _2AGRIS
_n0
_cANA
999 _c194690
_d194690